000 00744nam a2200241 a 4500
001 12761
003 BD-JhCC
005 20230510164040.0
008 230510b2020 bg a|||| ||a| 00| 0 ben d
020 _a9789848179253
035 _a(BD-JhCC)12761
040 _aBD-JhCC
_dBD-JhCC
041 _aBengali
082 _a923.1
_bKHA 2020
100 _aখান, মো. আরিফ উদ্দিন
245 _aবঙ্গবন্ধুর কর্মদর্শন /
_cমো. আরিফ উদ্দিন খান।
260 _aঢাকা :
_bতাম্রলিপি ;
_c২০২০.
300 _a109 p. :
_bill;
_c22 cm.
600 _aBangabandhu
650 _aBiography
942 _2ddc
_cBK
999 _c12761
_d12761